000 00620nam a2200229Ia 4500
003 OSt
005 20221006165404.0
006 a|||||r|||| 00| 0
007 ta
008 221006b |||||||| |||| 00| 0 eng d
024 _a3,401
037 _cTextual
040 _aFML
_cFML
_beng
041 _2eng
_aeng
082 _aY:332, K3
100 _aWatt William Montgomery Au.
_9679651
245 0 _aTruth in the Religions
260 _aEdinburgh
_bEdinburgh University Press
_c1963
300 _a190
_ccm.
942 _hY:332, K3
_cTEXL
_2CC
999 _c1120647
_d1120647